LEADER 01074nam a2200301 i 4500 001 991000969809707536 005 20020507180813.0 008 940721s1993 it ||| | ita 020 $a887131574X 035 $ab10782813-39ule_inst 035 $aLE01305055$9ExL 040 $aDip.to Matematica$beng 082 0 $a001.6425 084 $aAMS 68U30 084 $aCR H.5.2 100 1 $aGookin, Dan$053835 245 13$aLa guida Microsoft per ottimizzare Windows :$bconfigurazioni personalizzate per migliorare le prestazioni di Window /$cDan Gookin 250 $aEd. ital 260 $aMilano :$bMondadori Informatica,$c1993 300 $axix, 314 p. ;$c24 cm. 500 $aEngl. ed. 1993 650 4$aComputing methodologies 907 $a.b10782813$b21-09-06$c28-06-02 912 $a991000969809707536 945 $aLE013 68U GOO11 (1993)$g1$i2013000009070$lle013$o-$pE0.00$q-$rn$s- $t1$u0$v0$w0$x0$y.i10882601$z28-06-02 996 $aGuida Microsoft per ottimizzare Windows$9922003 997 $aUNISALENTO 998 $ale013$b01-01-94$cm$da $e-$fita$git $h3$i1 LEADER 01008nam a22002651i 4500 001 991003223299707536 005 20030908135812.0 008 030925s1966 it |||||||||||||||||ita 035 $ab12397076-39ule_inst 035 $aARCHE-044460$9ExL 040 $aBiblioteca Interfacoltà$bita$cA.t.i. Arché s.c.r.l. Pandora Sicilia s.r.l. 082 04$a328.4509 245 00$aDalla crisi Calabiana alle annessioni /$ca cura di Giuseppe Sardo 260 $aPalermo :$bFlaccovio,$c1966 300 $aXVI, 466 p. ;$c25 cm 440 0$aStoria del Parlamento italiano ;$v4 650 4$aItalia$xParlamento$xStoria 700 1 $aSardo, Giuseppe 700 1 $aRodolico, Niccolò 907 $a.b12397076$b02-04-14$c08-10-03 912 $a991003223299707536 945 $aLE002 St. XI E 1/IV$cV. 4$g1$i2002000699183$lle002$o-$pE0.00$q-$rl$s- $t0$u0$v0$w0$x0$y.i12805713$z08-10-03 996 $aDalla crisi Calabiana alle annessioni$9168705 997 $aUNISALENTO 998 $ale002$b08-10-03$cm$da $e-$fita$git $h0$i1